[Event "IECG TE.2000.S.00402 email"]
[Site "IECG email"]
[Date "2001.10.13"]
[Round "?"]
[White "Malmstroem, Jan"]
[Black "Shimamura, Minoru"]
[Result "1-0"]
[WhiteElo "1924"]
[BlackElo "934"]
[PlyCount "41"]
[EventDate "2001.10.13"]
[EventType "tourn (corr)"]
[EventRounds "10"]
[SourceTitle "Corr 2008"]
[Source "ChessBase"]
[SourceDate "2008.06.24"]
[SourceVersion "1"]
[SourceVersionDate "2008.06.24"]
[SourceQuality "1"]

1. e4 e5 2. Nf3 Nc6 3. Bc4 Nf6 4. Ng5 Bc5 5. Nxf7 Qe7 6. Nxh8 Bxf2+ 7. Kf1 d6 8. Kxf2 Nxe4+ 9. Kg1 Be6 10. Bxe6 Qxe6 11. Qh5+ g6 12. Qxh7 0-0-0 13. d3 Nf6 14. Qf7 Qxf7 15. Nxf7 Rf8 16. Ng5 Nb4 17. Na3 Ng4 18. Bd2 Nd5 19. Rf1 Nf4 20. g3 Ne2+ 21. Kg2 1-0

[Event "IECG TE.2000.S.00402 email"]
[Site "IECG email"]
[Date "2001.10.13"]
[Round "?"]
[White "Newton, Hobart E"]
[Black "Shimamura, Minoru"]
[Result "1-0"]
[WhiteElo "1923"]
[BlackElo "934"]
[PlyCount "45"]
[EventDate "2001.10.13"]
[EventType "tourn (corr)"]
[EventRounds "10"]
[SourceTitle "Corr 2008"]
[Source "ChessBase"]
[SourceDate "2008.06.24"]
[SourceVersion "1"]
[SourceVersionDate "2008.06.24"]
[SourceQuality "1"]

1. e4 e5 2. Nf3 Nc6 3. Bc4 Nf6 4. Ng5 Bc5 5. Bxf7+ Ke7 6. Bb3 Qf8 7. 0-0 h6 8. Nf7 Rh7 9. Nxe5 Nxe5 10. d4 Bxd4 11. Qxd4 Nc6 12. Qd3 d6 13. Nc3 Ne5 14. Qg3 Be6 15. f4 Ned7 16. e5 Bxb3 17. exf6+ gxf6 18. axb3 Rg7 19. Qe3+ Kf7 20. f5 Re8 21. Qxa7 Qg8 22. Qxb7 Re7 23. Ra8 1-0

[Event "IECG TE.2000.S.00402 email"]
[Site "IECG email"]
[Date "2001.10.13"]
[Round "?"]
[White "Shimamura, Minoru"]
[Black "Newton, Hobart E"]
[Result "0-1"]
[WhiteElo "934"]
[BlackElo "1923"]
[PlyCount "44"]
[EventDate "2001.10.13"]
[EventType "tourn (corr)"]
[EventRounds "10"]
[SourceTitle "Corr 2008"]
[Source "ChessBase"]
[SourceDate "2008.06.24"]
[SourceVersion "1"]
[SourceVersionDate "2008.06.24"]
[SourceQuality "1"]

1. e4 e5 2. Nf3 Nc6 3. Bc4 Nf6 4. Ng5 Bc5 5. 0-0 0-0 6. d3 d5 7. exd5 Bg4 8. Nf3 Nxd5 9. Bxd5 Qxd5 10. Nc3 Qd8 11. Ne4 Bb6 12. h3 Bh5 13. g4 f5 14. gxh5 fxe4 15. Bg5 Qd7 16. Nh2 Qxh3 17. Qg4 Qxg4+ 18. Nxg4 Rf5 19. Bd2 exd3 20. Kg2 dxc2 21. Rae1 Rd8 22. Re4 Rxd2 0-1

[Event "IECG TE.2000.S.00402 email"]
[Site "IECG email"]
[Date "2001.10.13"]
[Round "?"]
[White "Shimamura, Minoru"]
[Black "Schneider, Peter"]
[Result "0-1"]
[WhiteElo "934"]
[BlackElo "2189"]
[PlyCount "46"]
[EventDate "2001.10.13"]
[EventType "tourn (corr)"]
[EventRounds "10"]
[SourceTitle "Corr 2008"]
[Source "ChessBase"]
[SourceDate "2008.06.24"]
[SourceVersion "1"]
[SourceVersionDate "2008.06.24"]
[SourceQuality "1"]

1. e4 e5 2. Nf3 Nc6 3. Bc4 Nf6 4. Ng5 Bc5 5. 0-0 0-0 6. d3 d5 7. Bxd5 Bg4 8. Nf3 Nd4 9. Bg5 Nxf3+ 10. gxf3 Bh3 11. Nd2 h6 12. Bh4 g5 13. Bg3 Nxd5 14. exd5 Bxf1 15. Qxf1 Qxd5 16. c4 Qe6 17. Nb3 Bb4 18. a3 Bd6 19. Re1 f5 20. h4 f4 21. Bh2 gxh4 22. Nd4 Qg6+ 23. Qg2 Qxg2+ 0-1

[Event "IECG TE.2001.P.00812 email"]
[Site "IECG email"]
[Date "2001.10.05"]
[Round "?"]
[White "Huerga, Jorge Hugo"]
[Black "Shimamura, Minoru"]
[Result "1-0"]
[WhiteElo "1989"]
[BlackElo "934"]
[PlyCount "57"]
[EventDate "2001.10.05"]
[EventType "tourn (corr)"]
[EventRounds "12"]
[SourceTitle "Corr 2008"]
[Source "ChessBase"]
[SourceDate "2008.06.24"]
[SourceVersion "1"]
[SourceVersionDate "2008.06.24"]
[SourceQuality "1"]

1. e4 d6 2. d4 Nf6 3. Nc3 g6 4. Nf3 Bg7 5. Be3 0-0 6. Qd2 d5 7. exd5 Nxd5 8. Nxd5 Qxd5 9. c4 Qd8 10. Be2 Nc6 11. 0-0 Bg4 12. Rad1 e5 13. Nxe5 Nxe5 14. dxe5 Qxd2 15. Rxd2 Bxe2 16. Rxe2 Bxe5 17. Bh6 Rfe8 18. Rfe1 Bxh2+ 19. Kxh2 Rxe2 20. Rxe2 f5 21. Re7 Rc8 22. Bf4 b5 23. c5 a5 24. Bxc7 a4 25. Rd7 h6 26. Rd8+ Rxd8 27. Bxd8 Kf8 28. c6 Ke8 29. Bf6 1-0

[Event "IECG TE.2001.P.00812 email"]
[Site "IECG email"]
[Date "2001.10.05"]
[Round "?"]
[White "Shimamura, Minoru"]
[Black "Huerga, Jorge Hugo"]
[Result "0-1"]
[WhiteElo "934"]
[BlackElo "1989"]
[PlyCount "70"]
[EventDate "2001.10.05"]
[EventType "tourn (corr)"]
[EventRounds "12"]
[SourceTitle "Corr 2008"]
[Source "ChessBase"]
[SourceDate "2008.06.24"]
[SourceVersion "1"]
[SourceVersionDate "2008.06.24"]
[SourceQuality "1"]

1. e4 d6 2. d4 Nf6 3. Nc3 g6 4. Nf3 Bg7 5. Be3 0-0 6. Qd2 a6 7. Bd3 b5 8. a3 Ng4 9. h3 Nxe3 10. Qxe3 Nd7 11. 0-0 Bb7 12. Ng5 h6 13. Nf3 e5 14. d5 f5 15. exf5 gxf5 16. Be2 f4 17. Qd2 Qe7 18. Ne4 Nb6 19. b3 Bxd5 20. Nc3 Bb7 21. Bd3 d5 22. Rae1 e4 23. Nh2 Qc5 24. Nxe4 dxe4 25. Bxe4 Rad8 26. Qe2 Rde8 27. Qf3 Bxe4 28. Rxe4 Rxe4 29. Qxe4 Qd5 30. Qxd5+ Nxd5 31. Nf3 b4 32. a4 Re8 33. Rd1 c6 34. Nd4 Nc3 35. Rd3 Bxd4 0-1

[Event "IECG TE.2001.P.00812 email"]
[Site "IECG email"]
[Date "2001.10.05"]
[Round "?"]
[White "Stuart, Keith"]
[Black "Shimamura, Minoru"]
[Result "1/2-1/2"]
[WhiteElo "856"]
[BlackElo "934"]
[PlyCount "73"]
[EventDate "2001.10.05"]
[EventType "tourn (corr)"]
[EventRounds "12"]
[SourceTitle "Corr 2008"]
[Source "ChessBase"]
[SourceDate "2008.06.24"]
[SourceVersion "1"]
[SourceVersionDate "2008.06.24"]
[SourceQuality "1"]

1. e4 d6 2. d4 Nf6 3. Nc3 g6 4. Nf3 Bg7 5. Be3 0-0 6. Qd2 d5 7. Bd3 dxe4 8. Nxe4 Be6 9. Nxf6+ exf6 10. 0-0 Bd5 11. c3 Bxf3 12. gxf3 Qd7 13. Rfe1 Nc6 14. Bh6 Ne7 15. Re2 Nf5 16. Bxg7 Kxg7 17. Qf4 Ne7 18. Be4 Rae8 19. Rae1 Nd5 20. Bxd5 Rxe2 21. Rxe2 Qxd5 22. Qxc7 Qxf3 23. Re7 Qg4+ 24. Qg3 Qd1+ 25. Kg2 Qc2 26. Rxb7 Re8 27. Qc7 Qe4+ 28. Kg3 Qd3+ 29. f3 Rf8 30. Rxa7 Qe3 31. Qf4 Qg1+ 32. Kh3 Qf1+ 33. Kg3 h5 34. h4 Re8 35. Qc7 Qg1+ 36. Kh3 Qf1+ 37. Kg3 1/2-1/2

[Event "IECG TE.2000.P.00416 email"]
[Site "IECG email"]
[Date "2000.07.15"]
[Round "?"]
[White "Bedyk, Witek"]
[Black "Shimamura, Minoru"]
[Result "0-1"]
[WhiteElo "1195"]
[BlackElo "840"]
[PlyCount "42"]
[EventDate "2000.07.15"]
[EventType "tourn (corr)"]
[EventRounds "8"]
[SourceTitle "Corr 2008"]
[Source "ChessBase"]
[SourceDate "2008.06.24"]
[SourceVersion "1"]
[SourceVersionDate "2008.06.24"]
[SourceQuality "1"]

1. e4 e5 2. Nf3 Nc6 3. Bc4 Nf6 4. Ng5 Bc5 5. Nxf7 Bxf2+ 6. Kf1 Qe7 7. Nxh8 d5 8. exd5 Bg4 9. Be2 Bxe2+ 10. Kxe2 Qc5 11. dxc6 0-0-0 12. cxb7+ Kxb7 13. Nf7 Rf8 14. Rf1 Ng4 15. Nc3 Qc4+ 16. d3 Qxf7 17. Ne4 Qh5 18. Kd2 Qh6+ 19. Ke2 Qh5 20. Kd2 Qh6+ 21. Ke2 Qh5 0-1

[Event "IECG TE.2000.P.00416 email"]
[Site "IECG email"]
[Date "2000.07.15"]
[Round "?"]
[White "Shimamura, Minoru"]
[Black "Morgan, Steve"]
[Result "1-0"]
[WhiteElo "840"]
[BlackElo "1830"]
[PlyCount "53"]
[EventDate "2000.07.15"]
[EventType "tourn (corr)"]
[EventRounds "8"]
[SourceTitle "Corr 2008"]
[Source "ChessBase"]
[SourceDate "2008.06.24"]
[SourceVersion "1"]
[SourceVersionDate "2008.06.24"]
[SourceQuality "1"]

1. e4 e5 2. Nf3 Nc6 3. Bc4 Nf6 4. Ng5 Bc5 5. d3 0-0 6. 0-0 d5 7. Bxd5 Nxd5 8. exd5 Qxd5 9. Nc3 Qd8 10. Nce4 Bb6 11. Be3 Bxe3 12. fxe3 f5 13. Nxh7 Kxh7 14. Qh5+ Kg8 15. Ng5 Rf6 16. Qh7+ Kf8 17. Qh8+ Ke7 18. Qxg7+ Kd6 19. Ne4+ fxe4 20. Rxf6+ Kc5 21. Rf8 Qd6 22. Rf6 Qd7 23. Qf8+ Kb5 24. c4+ Ka6 25. Qa3+ Kb6 26. Qb4+ Ka6 27. Qb5# 1-0

[Event "IECG CN.1999.0.00149"]
[Site "IECG email"]
[Date "1999.09.13"]
[Round "?"]
[White "Parker, Steph"]
[Black "Shimamura, Minoru"]
[Result "0-1"]
[WhiteElo "800"]
[BlackElo "800"]
[PlyCount "80"]
[EventDate "1999.09.13"]
[EventType "tourn (corr)"]
[EventRounds "6"]
[SourceTitle "Corr 2008"]
[Source "ChessBase"]
[SourceDate "2008.06.24"]
[SourceVersion "1"]
[SourceVersionDate "2008.06.24"]
[SourceQuality "1"]

1. Nf3 c5 2. g3 Nc6 3. Bg2 e5 4. 0-0 d6 5. b3 Nf6 6. Bb2 Be7 7. Nc3 0-0 8. e3 Bg4 9. Qe1 Nb4 10. Qc1 Qd7 11. d4 cxd4 12. exd4 Bxf3 13. Bxf3 exd4 14. Ne4 Nxe4 15. Bxe4 f5 16. Bg2 Bf6 17. Qd2 Nc6 18. Qd3 Ne5 19. Qd2 Nc6 20. Rae1 Rae8 21. Bd5+ Kh8 22. Rxe8 Rxe8 23. Re1 Re5 24. Bxc6 bxc6 25. Kf1 h6 26. f4 Rxe1+ 27. Kxe1 Qe6+ 28. Kf1 Qd5 29. Kg1 c5 30. c3 d3 31. c4 Bd4+ 32. Bxd4 Qxd4+ 33. Kg2 d5 34. cxd5 Qxd5+ 35. Kh3 Qf3 36. a3 Qe2 37. Qa5 d2 38. Qd8+ Kh7 39. Qf8 Qg4+ 40. Kg2 d1Q 0-1